000 00383nam a2200169Ia 4500
005 20251020182556.0
008 200515s9999 xx 000 0 und d
082 _aR/801.321=22T/P51
100 _aPHILLIPS, Anna PHILLIPS, Terry
245 0 _aBusiness Opportunities
260 _aNew York
260 _c1994
300 _a80
650 _aINGLES
650 _aLIB
942 _cLIB
999 _c2881
_d2881